Quantitative methods for library & information science (Record no. 269799)
[ view plain ]
| 000 -LEADER | |
|---|---|
| fixed length control field | 00290 a2200109 4500 |
| 001 - CONTROL NUMBER | |
| control field | 34726 |
| 090 ## - LOCALLY ASSIGNED LC-TYPE CALL NUMBER (OCLC); LOCAL CALL NUMBER (RLIN) | |
| -- | 23008 |
| -- | 23008 |
| 100 ## - MAIN ENTRY--PERSONAL NAME | |
| Personal name | Rao Ravichandra I. K. |
| 245 ## - TITLE STATEMENT | |
| Title | Quantitative methods for library & information science |
| 260 ## - PUBLICATION, DISTRIBUTION, ETC. | |
| Place of publication, distribution, etc. | New Delhi |
| Name of publisher, distributor, etc. | Wiley Eastern Ltd |
| Date of publication, distribution, etc. | 1983 |
| 300 ## - PHYSICAL DESCRIPTION | |
| Extent | vii, 271 p. |
| Other physical details | Hb |
| 942 ## - ADDED ENTRY ELEMENTS (KOHA) | |
| Institution code [OBSOLETE] | NUST-CAE |
| Withdrawn status | Lost status | Damaged status | Not for loan | Collection code | Permanent Location | Current Location | Date acquired | Total Checkouts | Barcode | Date last seen | Price effective from | Koha item type |
|---|---|---|---|---|---|---|---|---|---|---|---|---|
| College of Aeronautical Engineering (CAE) | College of Aeronautical Engineering (CAE) | 04/03/2017 | CAE57405 | 04/05/2017 | 04/05/2017 | Book |
